The Rookie Characters - Sudden Death - Statistics

General Stats
  • This quiz has been taken 2,304 times
  • The average score is 8 of 14
Answers on the Grid
Answers color-coded by a green-red scale on the quiz's grid according to % correct below.
Tim
Marie
Quigley
Lincoln
Beth
Penelope
Bailey
Emma
Lucy
Eric
Tom
John
Angela
William
Steve
Randy
Madison
Angelina
Seth
Michael
Barbara
Patricia
Wesley
Celina
Riley
Seth
Nyla
Lucas
Miles
Aaron
 
Answer Stats
Answer % Correct
Tim
95%
Lucy
68%
Angela
63%
Bailey
57%
John
54%
Aaron
52%
Wesley
51%
Nyla
50%
Celina
48%
Miles
47%
Seth
47%
Randy
45%
Seth
44%
Quigley
41%
No matching quizzes found
Score Distribution
Percent of People with Each Score
Percentile by Number Answered
Your Score History
You have not taken this quiz